Niyog prastuti/ (Record no. 11928)

MARC details
000 -LEADER
fixed length control field 00866nam a22002777a 4500
005 - DATE AND TIME OF LATEST TRANSACTION
control field 20240903092745.0
008 - FIXED-LENGTH DATA ELEMENTS--GENERAL INFORMATION
fixed length control field 240903b |||||||| |||| 00| 0 eng d
020 ## - INTERNATIONAL STANDARD BOOK NUMBER
International Standard Book Number 9789393890160
040 ## - CATALOGING SOURCE
Original cataloging agency IN-DiNC
Transcribing agency IN-DiNC
041 ## - LANGUAGE CODE
Language code of sung or spoken text Assamese
082 ## - DEWEY DECIMAL CLASSIFICATION NUMBER
Classification number 030
Item number NIY
245 ## - TITLE STATEMENT
Title Niyog prastuti/
Statement of responsibility, etc. ed. by Bijit Talukdar and others
250 ## - EDITION STATEMENT
Edition statement 25th ed.
260 ## - PUBLICATION, DISTRIBUTION, ETC.
Place of publication, distribution, etc. Guwahati:
Name of publisher, distributor, etc. HD international educational publishers,
Date of publication, distribution, etc. 2024.
300 ## - PHYSICAL DESCRIPTION
Extent 510p.
650 ## - SUBJECT ADDED ENTRY--TOPICAL TERM
Topical term or geographic name entry element Guide book on State Level Recruitment Commissions Recruitment Examinations, 2024
650 ## - SUBJECT ADDED ENTRY--TOPICAL TERM
Topical term or geographic name entry element ADRE
700 ## - ADDED ENTRY--PERSONAL NAME
Personal name Talukdar, Bijit
Relator term Editor
700 ## - ADDED ENTRY--PERSONAL NAME
Personal name Dutta, Anupam
Relator term Editor
700 ## - ADDED ENTRY--PERSONAL NAME
Personal name Rajbongshi, Hemanta
Relator term Editor
700 ## - ADDED ENTRY--PERSONAL NAME
Personal name Debnath, Arabinda
Relator term Editor
700 ## - ADDED ENTRY--PERSONAL NAME
Personal name Choudhury, Jayanta Kumar
Relator term Editor
700 ## - ADDED ENTRY--PERSONAL NAME
Personal name Kalita, Jadab Ch.
Relator term Editor
700 ## - ADDED ENTRY--PERSONAL NAME
Personal name Gogoi, Upen
Relator term Editor
942 ## - ADDED ENTRY ELEMENTS (KOHA)
Source of classification or shelving scheme Dewey Decimal Classification
Koha item type Books
Holdings
Withdrawn status Lost status Source of classification or shelving scheme Damaged status Not for loan Collection code Home library Current library Shelving location Date acquired Cost, normal purchase price Total Checkouts Full call number Barcode Date last seen Date last checked out Copy number Price effective from Koha item type
    Dewey Decimal Classification     General Collection Central Library, Naharkatiya College Central Library, Naharkatiya College General Stacks 03/09/2024 390.00 4 030 NIY 30392 02/09/2025 18/08/2025 1 03/09/2024 Books

Naharkatiya College © 2020. All rights reserved.

Powered By